Technologija programmirovanija /

Salvato in:
Dettagli Bibliografici
Autore principale: Veľbickij, Igor Viačeslav (Autore)
Natura: Libro
Lingua:russo
Pubblicazione: Kijev : Technika, 1984
Soggetti:
Tags: Aggiungi Tag
Nessun Tag, puoi essere il primo ad aggiungerne!!

MARC

LEADER 00000nam a22000003a 4500
001 stu34656
005 20201020164556.6
008 920323s1984----xxr-----------------rus-d
040 |a STU  |b slo 
041 0 |a rus 
044 |a xxr 
080 |a 519.68 
080 |a 681.32.06 
100 1 |a Veľbickij, Igor Viačeslav  |4 aut 
245 1 |a Technologija programmirovanija /  |c [aut.]Igor V. Veľbickij 
260 |a Kijev :  |b Technika,  |c 1984 
300 |a 278 s 
650 7 |a programovanie  |2 stusub 
996 |c I*21TP3164  |l I  |s A  |a 24  |w stu34656_0001 
996 |b 284M062497  |c M*7035-1  |l MMKN  |s A  |a 24  |w stu34656_0002